Witches, pumpkins, and grinning ghosts; (Record no. 1266)

MARC details
000 -LEADER
fixed length control field 00857cam a2200289 4500
005 - DATE AND TIME OF LATEST TRANSACTION
control field 20260322212053.0
008 - FIXED-LENGTH DATA ELEMENTS--GENERAL INFORMATION
fixed length control field data
010 ## - LIBRARY OF CONGRESS CONTROL NUMBER
LC control number 72075705
020 ## - INTERNATIONAL STANDARD BOOK NUMBER
International Standard Book Number 081643087X
020 ## - INTERNATIONAL STANDARD BOOK NUMBER
International Standard Book Number 9780816430871
040 ## - CATALOGING SOURCE
Original cataloging agency DLC
Transcribing agency DLC
Modifying agency DLC
042 ## - AUTHENTICATION CODE
Authentication code lcac
050 00 - LIBRARY OF CONGRESS CALL NUMBER
Classification number GT4965
Item number .B34
082 00 - DEWEY DECIMAL CLASSIFICATION NUMBER
Classification number 394.2/683
099 ## - LOCAL FREE-TEXT CALL NUMBER (OCLC)
Classification number 394.2 B34 1972
001 - CONTROL NUMBER
control field data
100 1# - MAIN ENTRY--PERSONAL NAME
Personal name Barth, Edna.
245 10 - TITLE STATEMENT
Title Witches, pumpkins, and grinning ghosts;
Remainder of title the story of Halloween symbols.
Statement of responsibility, etc. Edna Barth & Ursula Arndt.
260 ## - PUBLICATION, DISTRIBUTION, ETC.
Place of publication, distribution, etc. New York,
Name of publisher, distributor, etc. Seabury Press
Date of publication, distribution, etc. [1972]
300 ## - PHYSICAL DESCRIPTION
Extent 95 p.
Other physical details illus.
Dimensions 27 cm.
350 ## - PRICE (NR) (BK AM CF MU VM SE) [OBSOLETE]
Price {dollar}5.50
504 ## - BIBLIOGRAPHY, ETC. NOTE
Bibliography, etc. note Bibliography: p. 95.
520 ## - SUMMARY, ETC.
Summary, etc. Explains the origins of and relates stories associated with familiar Halloween symbols.
650 #0 - SUBJECT ADDED ENTRY--TOPICAL TERM
Topical term or geographic name entry element Halloween
General subdivision Juvenile literature.
650 #1 - SUBJECT ADDED ENTRY--TOPICAL TERM
Topical term or geographic name entry element Halloween.
700 1# - ADDED ENTRY--PERSONAL NAME
Personal name Arndt, Ursula,
Relator term illus.
Holdings
Withdrawn status Lost status Damaged status Not for loan Home library Current library Shelving location Date acquired Total checkouts Full call number Barcode Date last seen Price effective from Koha item type
        Centerville Centerville General stacks 22/03/2026   394.2/683 BC0011308 22/03/2026 22/03/2026 Books